| 000 | 01004cam a2200205 4500 | ||
|---|---|---|---|
| 001 | X121489 | ||
| 008 | 030304n2003 000 0 eng u | ||
| 035 | _a(Sirsi) u121489 | ||
| 100 | _aBingham, T. | ||
| 245 | _aJohn Armitt's coup | ||
| 260 | _c2003 | ||
| 490 |
_aBuilding _v258(8267) 24 January 2003, 48-49(2) |
||
| 520 | _aComments on the latest ideas of John Armitt who has become chairman of Network Rail. Mentions his decision not to renew the Amey rail maintenance contract for the track between Paddington and Reading and for the work to be done 'in house'. Describes this as a bold step especially if it were implemented more widely in the industry. Also believes the ideas are being instigated in the genuine belief that they will lead to a better railway system and not for any short-term profit. | ||
| 650 | _aRAILWAY PROPERTY | ||
| 650 | _aCONTRACTORS LIABILITY | ||
| 650 | _aCONTRACTORS PAYMENTS | ||
| 650 | _aAMEY | ||
| 690 | _aBUILDING AND CONSTRUCTION-MANAGEMENT | ||
| 942 | _n0 | ||
| 999 |
_c72200 _d72200 |
||